MARC

LEADER 00000nam0a2200000 4500
001 106735
005 20231101214704.0
035 |a (RuTPU)RU\TPU\book\115258 
090 |a 106735 
100 |a 20061212d1961 m y0rusy50 ca 
101 1 |a rus  |c ger 
102 |a RU 
105 |a a z 001zy 
200 1 |a Движение сыпучих материалов в бункерах  |e пер. с нем.  |f Р. Квапил 
210 |a Москва  |c Изд-во литературы по горному делу  |d 1961 
215 |a 79 с.  |c ил. 
320 |a Библиогр.: с. 79. 
606 1 |a Бункера  |x Движение материалов  |2 stltpush  |3 (RuTPU)RU\TPU\subj\30217  |9 53351 
606 1 |a Сыпучие материалы  |x Динамика  |2 stltpush  |3 (RuTPU)RU\TPU\subj\58482  |9 76270 
610 1 |a бункера 
610 1 |a сыпучие тела 
610 1 |a движение 
610 1 |a динамика 
675 |a 539.215  |v 3 
675 |a 621.867.7  |v 3 
700 1 |a Квапил  |b Р.  |g Рудольф 
801 1 |a RU  |b 63413507  |c 20061212  |g PSBO 
801 2 |a RU  |b 63413507  |c 20180529  |g PSBO 
942 |c BK